000 00958nam0a22002531 4500
001 rc\4144735
005 20260406094733.0
021 _aRU
_b[54-18974]
035 _a(NLR Aleph) 007990107
090 _a8574224
_c8574224
100 _a20130415d1954 |||y0rusy50 ca
101 0 _arus
102 _aRU
105 _aa z |||||
200 1 _aНиколай Семенович Самокиш. 1860-1944
_e[Статья Г. Портнова о творчестве художника и репродукции с его произведений]
210 _aМосква
_cСов. художник
_d1954
215 _a80 с., 3 л. ил.
_cил.
_d21
702 1 _aПортнов
_bГ.
_4570
702 1 _4570
_7ca
_8rus
_aСамокиш
_bН. С.
_cхудожник
_f1860-1944
_gНиколай Семенович
_952854
_3RU\NLR\auth\7769926
801 0 _aRU
_bNLR
_gpsbo
801 1 _aRU
_bELAR
_2rusmarc
852 _aNLR
_jИс30 Г-4/456
942 _cBOOK
980 _aNB